| 000 | 00792nam a22002057a 4500 | ||
|---|---|---|---|
| 003 | JO-AjAnu | ||
| 005 | 20241022092453.0 | ||
| 008 | 241019b jo ||||| |||| 00| 0 ara d | ||
| 020 | _a9789923401569 | ||
| 040 |
_aJO-AjAnu _bara _cJO-AjAnu _dJO-AjAnu _erda |
||
| 041 |
_aara _hara |
||
| 050 |
_aN71 _b2021 . |
||
| 100 | 1 |
_aبهضوض، محمد _eمؤلف _966307 |
|
| 245 | 0 |
_aفلسفة الفن : اسئلة الجمالية والفن في عالم متغير / _cتأليف محمد بهضوض |
|
| 250 | _aالطبعة الاولى | ||
| 260 |
_aعمان : _bخطوط وظلال للنشر والتوزيع، _c2021 |
||
| 300 | _a417 صفحة | ||
| 650 | 7 | 0 |
_aفلسفة الفن-تاريخ الفنون-النقد الفني-سوسيولوجيا الفن _966308 |
| 942 |
_2lcc _cBK _n0 |
||
| 999 |
_c33753 _d33753 |
||